4 Geography Foursomes Quiz Stats

 Plays Quiz Updated Jan 19, 2018

Score 0/16 Timer 03:00
0 Plays Today
Hint Answer % Correct
UK Component
Countries
Wales
94.2%
UK Component
Countries
Scotland
94.1%
UK Component
Countries
England
93.8%
UK Component
Countries
Northern Ireland
89.3%
US States that are CommonwealthsVirginia
71.2%
4 Main/Largest Japanese IslandsHonshu
62.8%
US States that are CommonwealthsMassachusetts
61.3%
US States that are CommonwealthsPennsylvania
57.2%
Hint Answer % Correct
4 Main/Largest Japanese IslandsHokkaido
49.3%
4 Corners Territories and Provinces of CanadaManitoba
47.8%
US States that are CommonwealthsKentucky
45.1%
4 Corners Territories and Provinces of CanadaSaskatchewan
44.6%
4 Corners Territories and Provinces of CanadaNunavut
36.7%
4 Corners Territories and Provinces of CanadaNorthwest Territories
35.2%
4 Main/Largest Japanese IslandsKyushu
27.9%
4 Main/Largest Japanese IslandsShikoku
19.4%

You're not logged in!

Compare scores with friends on all Sporcle quizzes.
OR
Log In

Show Comments

Extras

Top Quizzes Today


Score Distribution

Your Account Isn't Verified!

In order to create a playlist on Sporcle, you need to verify the email address you used during registration. Go to your Sporcle Settings to finish the process.

Report this User

Report this user for behavior that violates our Community Guidelines.

Details: